[Event "TCh-ISR 2019"]
[Site "Israel ISR"]
[Date "2019.02.09"]
[Round "4.5"]
[Board "2"]
[White "Malakhov, Vladimir"]
[Black "Finkel, Alexander"]
[Result "1-0"]
[WhiteTitle "GM"]
[BlackTitle "GM"]
[WhiteElo "2661"]
[BlackElo "2453"]
[WhiteTeam "Beer Sheva Alef in name of Eliyahu Levant"]
[BlackTeam "haPoel Kfar Saba Bet"]
[WhiteFideId "4120787"]
[BlackFideId "2801957"]
[EventDate "2019.01.04"]

1. e4 g6 2. d4 Bg7 3. Nf3 d6 4. Bc4 Nf6 5. Qe2 O-O 6. O-O Bg4 7. h3 Bxf3 8. Qxf3
Nc6 9. c3 e5 10. Rd1 Qe8 11. Bg5 Nd7 12. Be3 Kh8 13. Bb5 f5 14. exf5 e4 15. Qe2
gxf5 16. f4 Ne7 17. d5 c6 18. dxc6 bxc6 19. Ba4 d5 20. Nd2 Qg6 21. Nf1 Rf7 22.
Rd2 Qd6 23. Qf2 Rg8 24. Rad1 Nf8 25. Bb3 Ne6 26. c4 d4 27. c5 Qd7 28. Rxd4 Nxd4
29. Bxf7 Rd8 30. Bb3 1-0

[Event "TCh-ISR 2019"]
[Site "Israel ISR"]
[Date "2019.02.09"]
[Round "4.5"]
[Board "4"]
[White "Roiz, Michael"]
[Black "Aharon, Ofir"]
[Result "1/2-1/2"]
[WhiteTitle "GM"]
[BlackTitle "FM"]
[WhiteElo "2605"]
[BlackElo "2310"]
[WhiteTeam "Beer Sheva Alef in name of Eliyahu Levant"]
[BlackTeam "haPoel Kfar Saba Bet"]
[WhiteFideId "2804158"]
[BlackFideId "2800683"]
[EventDate "2019.01.04"]

1. c4 c5 2. Nc3 g6 3. g3 Bg7 4. Bg2 Nc6 5. b3 e6 6. Ba3 d6 7. e3 Nge7 8. Nge2
O-O 9. O-O Nf5 10. d3 a6 11. Qd2 Qa5 12. Bb2 Rb8 13. Rfd1 Rd8 14. Qc1 Qc7 15.
Ne4 e5 16. f4 b6 17. N2c3 Nfe7 18. Rf1 Nb4 19. Nf2 Bb7 20. e4 f5 21. Qd2 Qd7 22.
Nd5 Nbxd5 23. cxd5 Rf8 24. Rae1 Rbe8 25. Nd1 Nc8 26. Ne3 b5 27. Bh3 Nb6 28. fxe5
dxe5 29. Rf2 Qd6 30. Ref1 fxe4 31. dxe4 Bc8 32. Bxc8 Nxc8 33. Qc2 Nb6 34. Rxf8+
Rxf8 35. Rxf8+ Qxf8 36. Kg2 Nd7 37. Ng4 h5 38. Nf2 Qf6 39. Bc1 Kh7 40. Be3 Bf8 1/2-1/2

[Event "TCh-ISR 2019"]
[Site "Israel ISR"]
[Date "2019.02.09"]
[Round "4.5"]
[Board "6"]
[White "Mikhalevski, Victor"]
[Black "Gershon, Alik"]
[Result "1-0"]
[WhiteTitle "GM"]
[BlackTitle "GM"]
[WhiteElo "2581"]
[BlackElo "2431"]
[WhiteTeam "Beer Sheva Alef in name of Eliyahu Levant"]
[BlackTeam "haPoel Kfar Saba Bet"]
[WhiteFideId "2801914"]
[BlackFideId "2802430"]
[EventDate "2019.01.04"]

1. Nf3 c5 2. c4 Nc6 3. Nc3 e6 4. g3 Nge7 5. d4 Nxd4 6. Nxd4 cxd4 7. Qxd4 Nc6 8.
Qd1 a6 9. Bg2 Be7 10. O-O O-O 11. Bf4 d6 12. Rc1 Rb8 13. h4 e5 14. Be3 f5 15.
Nd5 f4 16. Bb6 Qe8 17. Bc7 Bg4 18. Nxe7+ Qxe7 19. Qxd6 Qxd6 20. Bxd6 Nd4 21.
Bd5+ Kh8 22. Bxb8 Nxe2+ 23. Kh2 Nxc1 24. Bd6 Rd8 25. Bxe5 Nd3 26. gxf4 b5 27. b3
Bf5 28. Rg1 Nxe5 29. fxe5 bxc4 30. bxc4 Rb8 31. e6 1-0

[Event "TCh-ISR 2019"]
[Site "Israel ISR"]
[Date "2019.02.09"]
[Round "4.6"]
[Board "1"]
[White "Eljanov, Pavel"]
[Black "Gorodetzky, David"]
[Result "1-0"]
[WhiteTitle "GM"]
[BlackTitle "IM"]
[WhiteElo "2680"]
[BlackElo "2447"]
[WhiteTeam "Ashdod Elit"]
[BlackTeam "Tsafrir Rehovot Alef"]
[WhiteFideId "14102951"]
[BlackFideId "2813416"]
[EventDate "2019.01.04"]

1. e4 e6 2. d4 d5 3. Nc3 Bb4 4. e5 Ne7 5. a3 Bxc3+ 6. bxc3 c5 7. Qg4 Kf8 8. h4
Qc7 9. Ra2 h5 10. Qf4 b6 11. Rh3 Ba6 12. Bxa6 Nxa6 13. Ne2 Rc8 14. Kf1 cxd4 15.
cxd4 Qc4 16. Rf3 Nf5 17. Rc3 Qxe2+ 18. Kxe2 Rxc3 19. Bd2 Rc4 20. c3 Rh6 21. Qf3
Rg6 22. Qxh5 Rxg2 23. Kf1 Rh2 24. Qh8+ Ke7 25. Bg5+ Kd7 26. Qd8+ Kc6 27. Qc8+
Kb5 28. Qd7+ Ka5 29. Rb2 1-0

[Event "TCh-ISR 2019"]
[Site "Israel ISR"]
[Date "2019.02.09"]
[Round "4.6"]
[Board "2"]
[White "Veinberg, Nimrod"]
[Black "Smirin, Ilia"]
[Result "0-1"]
[WhiteTitle "IM"]
[BlackTitle "GM"]
[WhiteElo "2399"]
[BlackElo "2610"]
[WhiteTeam "Tsafrir Rehovot Alef"]
[BlackTeam "Ashdod Elit"]
[WhiteFideId "2810280"]
[BlackFideId "2801990"]
[EventDate "2019.01.04"]

1. d4 d6 2. e4 Nf6 3. Nc3 g6 4. Nf3 Bg7 5. h3 O-O 6. Be2 Nbd7 7. O-O e5 8. dxe5
dxe5 9. Be3 Qe7 10. Bc4 c6 11. a3 Nc5 12. Nd2 Ne6 13. Ne2 Rd8 14. Qc1 a5 15. a4
Nh5 16. Nb3 Nef4 17. Nxf4 exf4 18. Bxf4 Nxf4 19. Qxf4 Bxb2 20. Rad1 Rf8 21. Rd3
Qb4 22. Nd2 Qxa4 23. c3 Qa3 24. Qf6 b5 25. Bb3 a4 26. Bc2 Qc5 27. Rf3 b4 28. e5
Bxc3 29. Ne4 Qxe5 30. Rxc3 Qxf6 31. Nxf6+ Kg7 32. Rxc6 Be6 33. Ne4 b3 34. Nc5
Bc4 35. Bd3 Rfc8 36. Bxc4 Rxc6 37. Nxa4 Rxc4 38. Nb6 Rc2 0-1

[Event "TCh-ISR 2019"]
[Site "Israel ISR"]
[Date "2019.02.09"]
[Round "4.6"]
[Board "3"]
[White "Sutovsky, Emil"]
[Black "Parkhov, Yair"]
[Result "1-0"]
[WhiteTitle "GM"]
[BlackTitle "FM"]
[WhiteElo "2628"]
[BlackElo "2336"]
[WhiteTeam "Ashdod Elit"]
[BlackTeam "Tsafrir Rehovot Alef"]
[WhiteFideId "2802007"]
[BlackFideId "2813408"]
[EventDate "2019.01.04"]

1. e4 c5 2. Nf3 d6 3. d4 cxd4 4. Nxd4 Nf6 5. Nc3 a6 6. h3 e5 7. Nb3 Be7 8. Be3
Be6 9. f4 exf4 10. Bxf4 Nc6 11. Qe2 Ne5 12. O-O-O Nfd7 13. Kb1 O-O 14. g4 Rc8
15. Qe3 Re8 16. g5 Bf8 17. h4 b5 18. h5 Qc7 19. Nd4 Nc4 20. Qg3 Na3+ 21. Ka1 b4
22. Nd5 Nxc2+ 23. Nxc2 Qxc2 24. Bd3 Qa4 25. g6 fxg6 26. hxg6 h6 27. b3 Qa3 28.
Bc4 Bxd5 29. Bxd5+ Kh8 30. Rdg1 Re7 31. Bf7 Rxf7 32. Rxh6+ gxh6 33. gxf7 1-0

[Event "TCh-ISR 2019"]
[Site "Israel ISR"]
[Date "2019.02.09"]
[Round "4.6"]
[Board "4"]
[White "Galburd, Yan"]
[Black "Kogan, Arthur"]
[Result "1-0"]
[WhiteTitle "FM"]
[BlackTitle "GM"]
[WhiteElo "2397"]
[BlackElo "2547"]
[WhiteTeam "Tsafrir Rehovot Alef"]
[BlackTeam "Ashdod Elit"]
[WhiteFideId "2808528"]
[BlackFideId "2800802"]
[EventDate "2019.01.04"]

1. d4 Nf6 2. Nf3 e6 3. Bf4 b6 4. e3 Bb7 5. h3 d6 6. c4 Nbd7 7. Nc3 g6 8. Be2 Bg7
9. O-O O-O 10. Qc2 Qe7 11. e4 e5 12. dxe5 dxe5 13. Bg5 c6 14. Rfd1 Nc5 15. Rd2
Ne6 16. Be3 c5 17. Re1 Rac8 18. Rdd1 Nd4 19. Qb1 Ne8 20. Nd5 Qd8 21. b3 Nd6 22.
Nxd4 cxd4 23. Bc1 f5 24. Bf3 Bxd5 25. cxd5 Nb5 26. Bb2 Qd6 27. Rc1 Qb4 28. Rxc8
Rxc8 29. Rc1 Rf8 30. Rc4 Qd2 31. Qc1 Qxc1+ 32. Rxc1 fxe4 33. Bxe4 Nd6 34. Bb1
Rd8 35. f3 Bh6 36. Rc7 Be3+ 37. Kf1 Nb5 38. Re7 Bf4 39. Bd3 Nc3 40. Rxa7 Nxd5
41. Ke1 Kh8 42. g4 Bg5 43. Be4 Bh4+ 44. Kd2 Nf6 45. Bd3 Bg5+ 46. Kd1 Rc8 47. Bc4
Rd8 48. Rb7 Nd7 49. Bb5 Nc5 50. Rxb6 Ra8 51. a4 Bd8 52. Rd6 Nxb3 53. f4 Ba5 54.
fxe5 Kg7 55. Kc2 Nc5 56. Bxd4 Bb4 57. Rc6 Ne4 58. e6+ Kf8 59. Rc7 Be7 60. Kd3
Ng5 61. Rc1 Rd8 62. Bd7 Nxh3 63. a5 Bd6 64. a6 Nf4+ 65. Ke4 Ke7 66. Rc8 Rxc8 67.
Bxc8 Bb8 68. Bc5+ Kd8 69. e7+ Ke8 70. Bb7 1-0

[Event "TCh-ISR 2019"]
[Site "Israel ISR"]
[Date "2019.02.09"]
[Round "4.6"]
[Board "6"]
[White "Mikhalevski, Alexander"]
[Black "Golod, Vitali"]
[Result "1/2-1/2"]
[WhiteTitle "IM"]
[BlackTitle "GM"]
[WhiteElo "2430"]
[BlackElo "2532"]
[WhiteTeam "Tsafrir Rehovot Alef"]
[BlackTeam "Ashdod Elit"]
[WhiteFideId "2801728"]
[BlackFideId "2804140"]
[EventDate "2019.01.04"]

1. d4 Nf6 2. c4 g6 3. Nc3 d5 4. Bf4 Bg7 5. e3 O-O 6. Nf3 c5 7. dxc5 Ne4 8. Rc1
Nd7 9. cxd5 Nxc3 10. bxc3 Qa5 11. Be2 Nxc5 12. O-O Qxa2 13. Be5 Bxe5 14. Nxe5
Qa5 15. Bc4 Nd7 1/2-1/2

[Event "TCh-ISR 2019"]
[Site "Israel ISR"]
[Date "2019.02.15"]
[Round "5.1"]
[Board "1"]
[White "Flom, Gabriel"]
[Black "Abergel, Thal"]
[Result "0-1"]
[WhiteTitle "IM"]
[BlackTitle "GM"]
[WhiteElo "2467"]
[BlackElo "2422"]
[WhiteTeam "Elitsur Dov Petah Tiqwa"]
[BlackTeam "Elitsur Ironi Netanya named Itshak Shlakman"]
[WhiteFideId "621650"]
[BlackFideId "614890"]
[EventDate "2019.01.04"]

1. d4 Nf6 2. c4 c5 3. d5 e6 4. Nc3 exd5 5. cxd5 d6 6. e4 g6 7. f4 Bg7 8. Bb5+
Nfd7 9. a4 Na6 10. Nf3 Nc7 11. Bc4 Nb6 12. Bb3 Bg4 13. h3 Bxf3 14. Qxf3 Na6 15.
a5 Nd7 16. e5 dxe5 17. d6 O-O 18. O-O exf4 19. Bxf4 Nb4 20. Bg3 Nc6 21. a6 Nce5
22. Qd5 c4 23. axb7 Rb8 24. Bxe5 Nxe5 25. Bxc4 Nxc4 26. Qxc4 Qxd6 27. Nd5 Rxb7
28. Ra6 Qe5 29. b3 Qd4+ 30. Kh1 Rd8 31. Ra5 h5 32. Qc6 Qd3 33. Nf6+ Bxf6 34.
Qxf6 Rd6 35. Qf4 Rbd7 36. Rf3 Qd4 37. Qh6 Rf6 38. Rxf6 Qxf6 39. Qc1 Kh7 40. Rc5
Rd3 41. Ra5 Qd4 42. Qc7 Rd1+ 43. Kh2 Qg1+ 44. Kg3 Rd3+ 45. Kh4 Qf2+ 46. Kg5 Rg3+ 0-1

[Event "TCh-ISR 2019"]
[Site "Israel ISR"]
[Date "2019.02.15"]
[Round "5.1"]
[Board "2"]
[White "Tifferet, Shaked"]
[Black "Zubov, Alexander"]
[Result "0-1"]
[WhiteTitle "FM"]
[BlackTitle "GM"]
[WhiteElo "2243"]
[BlackElo "2598"]
[WhiteTeam "Elitsur Ironi Netanya named Itshak Shlakman"]
[BlackTeam "Elitsur Dov Petah Tiqwa"]
[WhiteFideId "2811529"]
[BlackFideId "14109409"]
[EventDate "2019.01.04"]

1. e4 c5 2. Nf3 d6 3. d4 cxd4 4. Nxd4 Nf6 5. f3 Nc6 6. c4 Qb6 7. Nc2 e6 8. Nc3
Be7 9. b3 O-O 10. Be3 Qc7 11. Qd2 b6 12. Be2 Bb7 13. O-O Rad8 14. Rfd1 Rfe8 15.
Rac1 Ne5 16. Bf2 Qb8 17. Ne3 h5 18. Bd3 Ng6 19. Ne2 Nd7 20. Nf1 h4 21. h3 Nde5
22. Nc3 Nxd3 23. Qxd3 d5 24. cxd5 Nf4 25. Qb1 exd5 26. exd5 Qe5 27. Be3 Bb4 28.
Rd4 Bc5 29. Re4 Qg5 30. Rc2 Bxe3+ 31. Nxe3 Nxh3+ 32. Kh2 Qg3+ 33. Kh1 Nf2+ 34.
Rxf2 Qxf2 35. Ng4 Qd2 36. Rxe8+ Rxe8 37. Ne4 Qf4 38. Qd1 Rc8 39. Nd2 Bxd5 40.
Nf2 Qe3 41. Ng4 Qd3 42. Qe1 h3 43. Qg3 hxg2+ 44. Kh2 g1=Q+ 0-1

[Event "TCh-ISR 2019"]
[Site "Israel ISR"]
[Date "2019.02.15"]
[Round "5.1"]
[Board "4"]
[White "Kudischewitsch, David"]
[Black "Oratovsky, Michael"]
[Result "1/2-1/2"]
[WhiteTitle "IM"]
[BlackTitle "GM"]
[WhiteElo "2348"]
[BlackElo "2462"]
[WhiteTeam "Elitsur Ironi Netanya named Itshak Shlakman"]
[BlackTeam "Elitsur Dov Petah Tiqwa"]
[WhiteFideId "4111893"]
[BlackFideId "2802090"]
[EventDate "2019.01.04"]

1. d4 d6 2. e4 Nf6 3. Nc3 e5 4. Nge2 c6 5. h3 b5 6. a3 h5 7. g3 a5 8. Bg2 Ba6 9.
Be3 Be7 10. O-O O-O 11. Re1 Nbd7 12. Qd2 Re8 13. f4 Bf8 14. Bf2 Qc7 15. Nc1 b4
16. axb4 axb4 17. Nd1 c5 18. c3 cxd4 19. cxd4 d5 20. Rxa6 Rxa6 21. dxe5 Nxe4 22.
Qxd5 Nxf2 23. Nxf2 Ra1 24. Nfd3 Nc5 25. Kh2 Nxd3 26. Nxd3 Rxe1 27. Nxe1 h4 28.
Nf3 hxg3+ 29. Kxg3 Qc2 30. Ng5 Re7 31. Be4 Qc7 32. Bg6 Rd7 33. Qb3 Qa7 34. Kg4
Qg1+ 35. Kh5 Qd1+ 36. Qxd1 Rxd1 37. Bxf7+ Kh8 38. Kg6 Be7 39. h4 Rd4 40. Kf5 g6+
41. Bxg6 b3 42. Bf7 Rb4 43. Bd5 Bc5 44. h5 Be3 45. e6 Rxf4+ 46. Kg6 Bc5 47. Nf7+
Kg8 48. h6 Rg4+ 1/2-1/2

[Event "TCh-ISR 2019"]
[Site "Israel ISR"]
[Date "2019.02.15"]
[Round "5.1"]
[Board "6"]
[White "Drozdov, Alexandre"]
[Black "Bykhovsky, Avigdor"]
[Result "1/2-1/2"]
[WhiteTitle "FM"]
[BlackTitle "GM"]
[WhiteElo "2208"]
[BlackElo "2419"]
[WhiteTeam "Elitsur Ironi Netanya named Itshak Shlakman"]
[BlackTeam "Elitsur Dov Petah Tiqwa"]
[WhiteFideId "4123247"]
[BlackFideId "4101057"]
[EventDate "2019.01.04"]

1. d4 d5 2. Bg5 h6 3. Bh4 c6 4. e3 Qb6 5. b3 e5 6. c3 exd4 7. exd4 Be7 8. Bxe7
Nxe7 9. Bd3 O-O 10. Qf3 Nd7 11. Ne2 Nf6 12. h3 Re8 13. Nd2 c5 14. O-O Bf5 15.
Rfe1 Bxd3 16. Qxd3 Nc6 17. Nf3 Re4 18. dxc5 Qxc5 19. Ng3 Rae8 20. Red1 R4e6 21.
Nd4 Nxd4 22. Qxd4 Rc6 23. Rac1 Qxd4 24. Rxd4 1/2-1/2

[Event "TCh-ISR 2019"]
[Site "Israel ISR"]
[Date "2019.02.15"]
[Round "5.2"]
[Board "1"]
[White "Dvoirys, Semen I."]
[Black "Sutovsky, Emil"]
[Result "0-1"]
[WhiteTitle "GM"]
[BlackTitle "GM"]
[WhiteElo "2523"]
[BlackElo "2628"]
[WhiteTeam "Beer Sheva Yud-Alef"]
[BlackTeam "Ashdod Elit"]
[WhiteFideId "4100379"]
[BlackFideId "2802007"]
[EventDate "2019.01.04"]

1. e4 e5 2. Nf3 Nc6 3. Bb5 a6 4. Ba4 Nf6 5. O-O Be7 6. Re1 b5 7. Bb3 O-O 8. a4
b4 9. d3 d6 10. Nbd2 Be6 11. Bxe6 fxe6 12. Nb3 Qe8 13. d4 Qg6 14. Qe2 Nh5 15.
dxe5 Nxe5 16. Nxe5 dxe5 17. Be3 Bh4 18. Nc5 Nf6 19. Nxe6 Rf7 20. Nc5 Ng4 21. Nd3
Raf8 22. Rf1 Rf3 23. Bc5 R8f7 24. Kh1 Qh5 25. gxf3 Nxh2 26. Kg2 Rxf3 27. Nxe5
Rg3+ 28. fxg3 Qxe2+ 29. Rf2 Qxe4+ 30. Kxh2 Bxg3+ 31. Kxg3 Qxe5+ 32. Kg2 Qd5+ 33.
Kg1 Qxc5 34. Re1 h5 35. b3 Qd5 36. Kh2 Kh7 37. Re3 Kh6 38. Ref3 h4 39. Rd3 Qe5+
40. Kg2 g5 41. Kf3 Kh5 42. Re3 Qf5+ 43. Kg2 Qd5+ 44. Kg1 Qd4 45. Rd3 Qe4 46.
Rdf3 Kg4 47. Rd3 h3 48. Kf1 Qh1+ 49. Ke2 h2 0-1

[Event "TCh-ISR 2019"]
[Site "Israel ISR"]
[Date "2019.02.15"]
[Round "5.2"]
[Board "2"]
[White "Eljanov, Pavel"]
[Black "Khmelniker, Ilya"]
[Result "1-0"]
[WhiteTitle "GM"]
[BlackTitle "GM"]
[WhiteElo "2680"]
[BlackElo "2483"]
[WhiteTeam "Ashdod Elit"]
[BlackTeam "Beer Sheva Yud-Alef"]
[WhiteFideId "14102951"]
[BlackFideId "2805340"]
[EventDate "2019.01.04"]

1. e4 e5 2. Nf3 Nc6 3. Bc4 Nf6 4. d3 Be7 5. O-O O-O 6. Re1 d6 7. a4 Be6 8. Bxe6
fxe6 9. c3 Qd7 10. b4 Rae8 11. Nbd2 Bd8 12. Nf1 Qf7 13. b5 Nb8 14. Be3 Nbd7 15.
Ng3 Ng4 16. Bd2 h5 17. Nf1 Qg6 18. Be3 Rf7 19. h3 Nxe3 20. Rxe3 Ref8 21. Ra2 c6
22. bxc6 bxc6 23. a5 Nc5 24. N1d2 Rf4 25. Qe2 Nd7 26. d4 exd4 27. cxd4 c5 28.
Rd3 cxd4 29. Rxd4 Be7 30. Rc4 Nc5 31. Rac2 Qf7 32. e5 Rxc4 33. Nxc4 d5 34. Nd6
Bxd6 35. exd6 Ne4 36. Ne5 Qf6 37. Qxh5 Nxd6 38. Ng6 Rc8 39. Rxc8+ Nxc8 40. Qh8+
Kf7 41. Nh4 Qa1+ 42. Kh2 Qe5+ 43. g3 Ne7 44. Nf3 Qf5 45. Kg2 Qe4 46. Qa8 a6 47.
Qxa6 d4 48. Qb5 d3 49. Qxd3 1-0

[Event "TCh-ISR 2019"]
[Site "Israel ISR"]
[Date "2019.02.15"]
[Round "5.2"]
[Board "4"]
[White "Smirin, Ilia"]
[Black "Sidorenko, Ilya"]
[Result "1-0"]
[WhiteTitle "GM"]
[BlackTitle "IM"]
[WhiteElo "2610"]
[BlackElo "2395"]
[WhiteTeam "Ashdod Elit"]
[BlackTeam "Beer Sheva Yud-Alef"]
[WhiteFideId "2801990"]
[BlackFideId "2807769"]
[EventDate "2019.01.04"]

1. e4 c5 2. Nf3 d6 3. d4 cxd4 4. Nxd4 Nf6 5. Nc3 Nc6 6. Bg5 e6 7. Qd2 a6 8.
O-O-O Bd7 9. f3 Be7 10. h4 h6 11. Be3 b5 12. Nxc6 Bxc6 13. Ne2 Qc7 14. Nd4 Bb7
15. g4 Nd7 16. Kb1 Ne5 17. b3 Rc8 18. Bg2 Qc3 19. Qf2 d5 20. Bd2 Qc5 21. exd5
Bxd5 22. Be3 Qc3 23. Bc1 Qc5 24. Qe2 Nc6 25. Be3 Qa3 26. Nxc6 Bxc6 27. Bd4 Bf6
28. Bxf6 gxf6 29. Qe3 Qe7 30. g5 hxg5 31. hxg5 Rg8 32. g6 fxg6 33. Rh7 Qxh7 34.
Qxe6+ Kf8 35. Qxc8+ Be8 36. Re1 1-0

[Event "TCh-ISR 2019"]
[Site "Israel ISR"]
[Date "2019.02.15"]
[Round "5.2"]
[Board "5"]
[White "Iliaguev, Nisim"]
[Black "Kantsler, Boris"]
[Result "1/2-1/2"]
[WhiteTitle "FM"]
[BlackTitle "GM"]
[WhiteElo "2360"]
[BlackElo "2398"]
[WhiteTeam "Beer Sheva Yud-Alef"]
[BlackTeam "Ashdod Elit"]
[WhiteFideId "2817276"]
[BlackFideId "2805359"]
[EventDate "2019.01.04"]

1. d4 d6 2. Nf3 g6 3. g3 Bg7 4. Bg2 Nf6 5. O-O O-O 6. b3 e5 7. dxe5 dxe5 8. Ba3
Qxd1 9. Rxd1 Re8 10. Nc3 Na6 11. e4 Bf8 12. Bb2 c6 13. a3 Nc5 14. b4 Ncd7 15.
Rd2 b5 16. Re2 a5 17. Na2 Bd6 18. Rd1 Bc7 19. bxa5 Rxa5 20. Nb4 Bb7 21. Nd2 Nb6
22. Nb3 Ra7 23. Nc5 Nc4 24. Bc1 Ba8 25. Nd7 Bd8 26. Nb8 Rc7 27. N8a6 Ra7 28. Nb8
Rc7 29. N8a6 Ra7 30. Nb8 Rc7 31. N8a6 Ra7 32. Nb8 Rc7 1/2-1/2

[Event "TCh-ISR 2019"]
[Site "Israel ISR"]
[Date "2019.02.15"]
[Round "5.2"]
[Board "6"]
[White "Bar, Roman"]
[Black "Klenburg, Michael"]
[Result "1/2-1/2"]
[WhiteTitle "IM"]
[BlackTitle "IM"]
[WhiteElo "2484"]
[BlackElo "2361"]
[WhiteTeam "Ashdod Elit"]
[BlackTeam "Beer Sheva Yud-Alef"]
[WhiteFideId "2803879"]
[BlackFideId "14102072"]
[EventDate "2019.01.04"]

1. e4 c5 2. Nf3 e6 3. d3 Nc6 4. g3 d5 5. Nbd2 Nf6 6. Bg2 g6 7. O-O Bg7 8. Re1
O-O 9. c3 a5 10. a4 b6 11. exd5 exd5 12. Nb1 Bf5 13. Na3 Rc8 14. Nb5 d4 15. cxd4
cxd4 16. Bf4 Ne8 17. Ne5 Nxe5 18. Bxe5 Qd7 19. Qd2 Bxe5 20. Rxe5 Nf6 21. Rae1
Rfe8 22. Rxe8+ 1/2-1/2

[Event "TCh-ISR 2019"]
[Site "Israel ISR"]
[Date "2019.02.15"]
[Round "5.3"]
[Board "1"]
[White "Nabaty, Tamir"]
[Black "Baron, Tal"]
[Result "1-0"]
[WhiteTitle "GM"]
[BlackTitle "GM"]
[WhiteElo "2669"]
[BlackElo "2519"]
[WhiteTeam "Kfar Saba"]
[BlackTeam "Feldklain Rishon leTsion"]
[WhiteFideId "2809052"]
[BlackFideId "2809958"]
[EventDate "2019.01.04"]

1. d4 Nf6 2. Nf3 d5 3. c4 e6 4. e3 Be7 5. b3 c5 6. dxc5 O-O 7. Bb2 Bxc5 8. cxd5
Nxd5 9. Bc4 b6 10. Bxd5 exd5 11. Nc3 d4 12. Nxd4 Bxd4 13. Qxd4 Qxd4 14. exd4
Re8+ 15. Kd2 Nc6 16. Rhe1 Rd8 17. Ne2 Ba6 18. Rac1 Rac8 19. Rc2 Rc7 20. Kc1 h6
21. Nf4 Rcc8 22. d5 Nb4 23. Rxc8 Rxc8+ 24. Kb1 g5 25. Re4 Nd3 26. Nh5 Nxf2 27.
Nf6+ Kf8 28. Nh7+ Kg8 29. Nf6+ Kf8 30. Ra4 Bd3+ 31. Ka1 a5 32. Nd7+ Kg8 33. Nf6+
Kf8 34. Nd7+ Kg8 35. Nxb6 Re8 36. Bc3 Nd1 37. Bxa5 Re2 38. Rd4 Rc2 39. a4 Rc1+
40. Ka2 Bb1+ 41. Ka3 Bc2 42. Nc4 Rb1 43. Nd2 Ra1+ 44. Kb4 Bf5 45. d6 1-0

[Event "TCh-ISR 2019"]
[Site "Israel ISR"]
[Date "2019.02.15"]
[Round "5.3"]
[Board "2"]
[White "Zanan, Evgeny"]
[Black "Boruchovsky, Avital"]
[Result "0-1"]
[WhiteTitle "IM"]
[BlackTitle "GM"]
[WhiteElo "2528"]
[BlackElo "2525"]
[WhiteTeam "Feldklain Rishon leTsion"]
[BlackTeam "Kfar Saba"]
[WhiteFideId "24101940"]
[BlackFideId "2800055"]
[EventDate "2019.01.04"]

1. e4 c6 2. d4 d5 3. e5 c5 4. dxc5 e6 5. Be3 Nh6 6. c3 Nd7 7. Bb5 Qc7 8. Nf3
Bxc5 9. Bxc5 Qxc5 10. Qe2 O-O 11. O-O f6 12. exf6 Rxf6 13. Nbd2 Qb6 14. Nb3 Nf7
15. Rad1 Nf8 16. Nbd4 Ng6 17. Be8 Qd6 18. Bxf7+ Rxf7 19. Rde1 Bd7 20. Ne5 Nxe5
21. Qxe5 Qa6 22. Ra1 Qb6 23. Rab1 Raf8 24. f3 Rc8 25. Kh1 Rf6 26. Rfe1 h6 27.
Qe2 Kh8 28. Qe5 a5 29. Re3 a4 30. h4 Rg6 31. g4 Re8 32. Kg2 Kh7 33. a3 Rf8 34.
Kh3 Rgf6 35. Kg3 Kg8 36. Re2 Bb5 37. Rf2 Bd3 38. Re1 Re8 39. Re3 Bg6 40. Rfe2
Qd8 41. h5 Bh7 42. Kg2 Qd7 43. Qg3 Kh8 44. Re5 Bg8 45. R2e3 Bf7 46. f4 Bg8 47.
g5 hxg5 48. fxg5 Rff8 49. Qh4 Qf7 50. Nf3 Rc8 51. g6 Qf6 52. Qe1 Rc6 53. Nd4 Rb6
54. Rf3 Rxb2+ 55. Kg3 Qe7 56. Rxf8 Qxf8 57. Nxe6 Qd6 58. Nf4 d4 59. cxd4 Rb3+
60. Kg4 Qxd4 61. Rf5 Re3 62. Qa5 Qd1+ 63. Kh4 Qh1+ 0-1

[Event "TCh-ISR 2019"]
[Site "Israel ISR"]
[Date "2019.02.15"]
[Round "5.3"]
[Board "5"]
[White "Mindlin, Alon"]
[Black "Bronstein, Or"]
[Result "1/2-1/2"]
[WhiteTitle "IM"]
[BlackTitle "FM"]
[WhiteElo "2462"]
[BlackElo "2370"]
[WhiteTeam "Kfar Saba"]
[BlackTeam "Feldklain Rishon leTsion"]
[WhiteFideId "2800071"]
[BlackFideId "2815770"]
[EventDate "2019.01.04"]

1. c4 Nf6 2. Nc3 c5 3. e3 g6 4. d4 Bg7 5. Nf3 cxd4 6. exd4 d5 7. Be2 O-O 8. h3
Nc6 9. O-O dxc4 10. Bxc4 b6 11. Re1 Bb7 12. a3 Rc8 13. Qd3 e6 14. Bg5 h6 15. Be3
Qd6 16. Ba6 Qb8 17. Rac1 Rfd8 18. Qe2 Ne7 19. Ne5 Nf5 20. Red1 Qa8 21. Bxb7 Qxb7
22. Qf3 Qxf3 23. Nxf3 g5 24. g4 Nd6 25. Ne5 Nd5 26. Nxd5 exd5 27. Nc6 Rd7 28.
Nb4 Rxc1 29. Rxc1 Nb5 30. Rc8+ Kh7 31. Nc6 Nd6 32. Ra8 f5 33. Ne5 Re7 34. Rd8
Re6 35. gxf5 Nxf5 36. Rxd5 Bxe5 37. dxe5 Nxe3 38. fxe3 Kg6 39. e4 Kf7 40. b4 Rc6
41. Rd6 Rc3 42. Rxh6 Rxa3 43. Kf2 Rb3 44. Rf6+ Ke7 45. Rg6 Rxh3 46. Rg7+ Ke6 47.
Rxa7 Rb3 48. Rg7 Rxb4 49. Rxg5 Rxe4 50. Rg6+ Kxe5 51. Rxb6 1/2-1/2

[Event "TCh-ISR 2019"]
[Site "Israel ISR"]
[Date "2019.02.15"]
[Round "5.3"]
[Board "6"]
[White "Kaspi, Alexander"]
[Black "Rozentalis, Eduardas"]
[Result "1/2-1/2"]
[WhiteTitle "IM"]
[BlackTitle "GM"]
[WhiteElo "2464"]
[BlackElo "2526"]
[WhiteTeam "Feldklain Rishon leTsion"]
[BlackTeam "Kfar Saba"]
[WhiteFideId "2802910"]
[BlackFideId "12800023"]
[EventDate "2019.01.04"]

1. d4 Nf6 2. c4 e6 3. Nc3 Bb4 4. e3 b6 5. Bd3 Bb7 6. Ne2 Bxg2 7. Rg1 Be4 8. a3
Bxc3+ 9. Nxc3 Bg6 10. e4 Nc6 11. Bg5 d6 12. Bc2 Kf8 13. Ba4 Ne7 14. Qf3 h6 15.
Bxf6 gxf6 16. Qxf6 Rh7 17. Qf3 c6 18. O-O-O b5 19. cxb5 cxb5 20. Bxb5 Rc8 21.
Be2 Qa5 22. Qe3 Rg7 23. Rg3 d5 24. f3 Kg8 25. Rd2 Kh7 26. Bd1 e5 27. dxe5 h5 28.
Rh3 dxe4 29. Bc2 Qxe5 30. Nxe4 Kg8 31. Kb1 Kf8 32. f4 Qb5 33. Nc3 Qf1+ 34. Ka2
Bxc2 35. Rxc2 Rg1 36. Rxh5 Qc4+ 37. b3 Qf1 38. Rh8+ Ng8 39. b4 Rxc3 40. Rxg8+
Kxg8 41. Qe8+ Kg7 42. Qe5+ Kg8 43. Qe8+ Kg7 44. Qe5+ Kg8 1/2-1/2